000 00594cam a22001457a 4500
008 180718b2002 xxu||||| |||| 00| 0 eng d
082 _aAPPPA 2001-2002 CHO/15
100 _aChoudhary, K.
245 _aGovernment procurement policy practices: contribution for development of small scale enterprises
_cby K. Choudhary
260 _aNew Delhi
_bIndian Institute of Public Administration
_c2002
300 _a130p.
500 _aAn APPPA M. Phil. dissertation, 2001-02 (Guide: K.N. Kabra and N.C. Ganguli)
650 _aAPPPA
650 _aSmall business - Government policy - Developing countries
999 _c492070
_d492070